书目信息 |
| 题名: |
windows98高级技巧
|
|
| 作者: | 周必水 | |
| 分册: | ||
| 出版信息: | 浙江科学技术出版社 1999.06 |
|
| 页数: | 201页 | |
| 开本: | ||
| 丛书名: | ||
| 单 册: | ||
| 中图分类: | TP316.7 | |
| 科图分类: | ||
| 主题词: | 软件 | |
| 电子资源: | ||
| ISBN: | ||
| 000 | 00491nam0 2200193 45 | |
| 001 | 0308271058 | |
| 005 | 20030827105724.8 | |
| 010 | @d19.50元 | |
| 100 | @a20030827d1999 km y0chiy0120 ea | |
| 101 | @achi | |
| 105 | @a z 000yy | |
| 200 | 1 | @awindows98高级技巧@Awindows98 gao ji ji qiao@f周必水@Fzhou bi shui |
| 210 | @c浙江科学技术出版社@d1999.06 | |
| 215 | @a201页 | |
| 606 | 0 | @a软件 |
| 690 | @aTP316.7@v3 | |
| 701 | 0 | @a周必水 |
| 801 | @aCN@b@c20030827 | |
| 905 | @aBZT@dTP316.7@e132 | |
| windows98高级技巧/周必水.-浙江科学技术出版社,1999.06 |
| 201页 |
| ISBN :19.50元 |
| ● |
| 相关链接 |
|
|
|
正题名:windows98高级技巧
索取号:TP316.7/132
 
预约/预借
| 序号 | 登录号 | 条形码 | 馆藏地/架位号 | 状态 | 备注 |
| 1 | 106909 | 200048769 | 中心书库中库/ 中库027架B面7列7层2/ [索取号:TP316.7/132] | 在馆 |